Quizzes
Events
Quiz Creation
Community
Videos
Private Events
Remove Ads
Sign In
Join for FREE
Feedback
Dark Mode
Quiz Categories
Sports
Geography
Music
Movies
Television
Just For Fun
Miscellaneous
History
Literature
Language
Science
Gaming
Entertainment
Religion
Holiday
For Kids
Quiz Lab
Recent
Popular Today
Quiz Kudos Today
Editor Picks
Curator Picks
Quizzes by...
Day
Popularity
Type
Ratings
Length
Year
Community
Subscriptions
Recent Discussions
Orange Saloon
Badges
Playlists
Quests
Create
Leaderboards
Showdown
Live 5
Trivia Bingo
Activity
Puzzle Library
Sporcle Events
Private Events
Virtual Trivia
Globe League
Become a Host
Pub Owners
SporcleCon
Opinionation
Our Games
Videos
Blog
Mobile Apps
Partnerships
Remove Ads and Go Orange
Feedback
Sports
Athletes
MLB
NBA
NHL
NFL
Soccer
Sports Teams
WWE
NCAA
Football
Premier League
Basketball
Baseball
Hockey
Golf
Tennis
Cricket
Rugby
Auto Racing
Olympics
World Cup
Sports
Athletes
MLB
NBA
NHL
NFL
Soccer
Sports Teams
WWE
NCAA
Football
Premier League
Basketball
Baseball
Hockey
Golf
Tennis
Cricket
Rugby
Auto Racing
Olympics
World Cup
Random Quiz
Search Sporcle
×
Quiz Lab
Quiz Lab
Sports
Europe
Type in answers that appear in a list
Type in answers that appear in a list
Classic
Best Score? Go Orange.
Scottish Teams in Europe (Bottom 11) Stats
Can you name the teams these Scottish Teams have faced in UEFA Competitions?
By
MKingi
10m
33 Questions
140 Plays
140 Plays
140 Plays
Comments
Comments
Give Quiz Kudos
Give Quiz Kudos
-
- Ratings
hide this ad
Replay
Link that replays current quiz
Next Quiz
Link to next quiz in quiz playlist
You Got
0%
They Got
Avg Score
26%
Avg Friend Score
Upgrade to see
Score Distribution
Jump to the score distribution portion of the page
Score
0/33
Timer
10:00
0
Plays Today
Scottish Team
Team
% Correct
Raith Rovers
Bayern Munich
61.4%
Airdrieonians
Sparta Prague
58.6%
Livingston
Vaduz
57.1%
Falkirk
Vaduz
57.1%
Motherwell
Borussia Dortmund
45%
St Johnstone
Monaco
42.9%
Gretna
Derry City
42.9%
St Mirren
Feyenoord
41.4%
St Mirren
Slavia Prague
38.6%
Motherwell
Steaua Bucharest
37.1%
St Johnstone
Hamburg
36.4%
Livingston
Sturm Graz
36.4%
St Mirren
Saint-Etienne
30.7%
St Mirren
KV Mechelen
30%
Partick Thistle
Glentoran
29.3%
Motherwell
MyPa 47 Anjalankoski
26.4%
Motherwell
Nancy
25.7%
Scottish Team
Team
% Correct
Motherwell
Llanelli AFC
23.6%
Morton
Chelsea
23.6%
Partick Thistle
Honved
21.4%
St Johnstone
Vasas SC Budapest
17.1%
St Mirren
Tromso IL
14.3%
Motherwell
Flamurtari
12.9%
Motherwell
GKS Katowice
12.9%
St Mirren
Hammarby IF
12.1%
Queen Of The South
Nordsjaelland
12.1%
Motherwell
HB Torshavn
9.3%
Partick Thistle
Spartak Brno
8.6%
St Mirren
Elfsborg Boras
7.1%
Raith Rovers
IA Akranes
5.7%
Raith Rovers
GI Gotu
5%
St Johnstone
VPS Vaasa
3.6%
St Johnstone
Zeljeznicar Sarajevo
2.9%
Quiz Playlist
Details
Report
Send in Message
Add To Playlist
Classic:
Type in answers that appear in a list
Quiz Source
Last Updated: Feb 16, 2017
Quiz Scoreboard
CHALLENGE
Sign Up to Join the Scoreboard
Show All
Scores
Hide
Comments
May contain spoilers
Recently Published
Billboard Blitz: Fleetwood Mac
by CooCooCachoo
Music
15s
Presidents Visiting Landmarks
by Hejman
History
7m
An Introduction to Baseball
by treessimontrees
Sports
5m
More to Explore
Quiz From the Vault
Featured Blog Post
Where Did the Easter Bunny Come From?
hide this ad
You Might Also Like...
Tags
Country Quiz
Europe Quiz
bottom
competition
Faced
scottish
Scottish Teams
team
UEFA
UEFA Competitions
Today's Top Quizzes in Sports
Browse Sports
hide this ad
Today's Top Quizzes in Europe
Browse Europe
Top Contributed Quizzes in Sports
1
Les meilleurs buteurs des matchs entre le PSG et l’OM
2
2022 World Cup Stars
3
FIFA Club World Cup Champions
4
Les entraîneurs de l'OM et du PSG au 21e siècle
5
Criteria MLB: Left Handed Sluggers
6
AFC Teams Reveal (Wrong Answers Minefield)
7
5-to-1: UK Sports Teams
8
Name the Premier League winners with different clubs
9
5-to-1: FBS Animal Nicknames
10
Players with Multiple 50 Home Run Seasons
Explore More
Trending Topics
Disney
NBA
Harry Potter
Crossword
Anime
Marvel
Kpop
WWE
Pokémon
Puzzle
Country
Soccer
The Office
NFL
Song
hide this ad
More By:
MKingi
Quiz
Plays
Rating
Category
Featured
Created
Sir Alex Ferguson's Man United Home Losses
78,962
4.37
Sports
Oct 29, 2009
WWE Royal Rumble 00s Participants
21,292
4.14
Sports
Nov 29, 2009
WWF Royal Rumble 90s Participants
10,990
4.10
Sports
Oct 28, 2009
Champions League Winning Players 00-09
2,572
4.46
Sports
Oct 30, 2009
Scottish Premier League Relegated Teams
1,614
5.00
Sports
Nov 28, 2009
Go to Creator's Profile
Score Distribution
Quiz Creator Spotlight
MKingi
Follow
Send a Message
Quizzes Created
-
Created Quiz Play Count
-
More By This Creator
Popular Quizzes Today
1
Find the US States - No Outlines Minefield
2
Find the Countries of Europe - No Outlines Minefield
3
The Countries of the World
4
Find the US States
5
Risky Map Clicking: Biggest States A-Z
6
US States
7
Popular People in 1961
8
Movies - When Are They Set?
More Sports Quizzes
NBA Best Lineups (2012-13)
Published
Trending Quizzes
Risky Map Clicking: Least Populous States A-Z
1-10 Letter G Words
1-10 Letter F Words
Risky Map Clicking: Next State Alphabetically
Risky Map Clicking: Biggest States A-Z
Recently Updated
Leaping Animals
pecheneg
Reality TV Shows (A-Z)
bhenderson79
Rickey Henderson's Hall of Fame Teammates
pecheneg
Champions League XIs: Arsenal
pecheneg
Quick Pick: Celebrities in WWE's Hall of Fame
aduchscher
A-Z Keypad Blitz II
pecheneg
Multiple Oscar Actors
pecheneg
Mystery Phrase Blitz: Oscar 'Best Actors'
pecheneg
F. Scott Fitzgerald Novels
LTH
Pick 3 Villains
ddd62291
Trending Topics
Anime
Crossword
Harry Potter
Kpop
NBA
Marvel
Disney
Soccer
The Office
WWE
Pokémon
Puzzle
NFL
Song
Country
Your Account Isn't Verified!
In order to create a playlist on Sporcle, you need to verify the email address you used during registration. Go to your
Sporcle Settings
to finish the process.
Report this User
Report this user for behavior that violates our
Community Guidelines
.
Details:
Send Report
Go to the Sporcle.com Mobile Site →
Comments